Digitálne technológie v obchode a službách
V súčasnosti sa digitálne technológie stávajú kľúčovým faktorom transformácie maloobchodu a služieb. Nie sú len jedným z nástrojov konkurencieschopnosti, pre mnohé spoločnosti sa stávajú nutnosťou. Pre maloobchod a služby znamená ich prijatie nielen zvýšenie efektivity a zníženie nákladov, ale aj mo...
Uložené v:
| Hlavný autor: | |
|---|---|
| Ďalší autori: | , |
| Médium: | Kapitola |
| Jazyk: | Slovak |
| Predmet: | |
| Tagy: |
Žiadne tagy, Buďte prvý, kto otaguje tento záznam!
|
MARC
| LEADER | 00000naa$a2200000$$$4500 | ||
|---|---|---|---|
| 001 | 0305885 | ||
| 005 | 20250108125502.8 | ||
| 041 | 0 | |a slo | |
| 044 | |a SK | ||
| 245 | 1 | 0 | |a Digitálne technológie v obchode a službách |c Erik Weiss, Mária Janošková, Roland Weiss |
| 520 | |a V súčasnosti sa digitálne technológie stávajú kľúčovým faktorom transformácie maloobchodu a služieb. Nie sú len jedným z nástrojov konkurencieschopnosti, pre mnohé spoločnosti sa stávajú nutnosťou. Pre maloobchod a služby znamená ich prijatie nielen zvýšenie efektivity a zníženie nákladov, ale aj možnosť získať výhodu na trhu. Príspevok sa zameriava vplyv technológií na zlepšenie zákazníckej skúsenosti, personalizáciu produktových ponúk a optimalizáciu logistických procesov. Autori skúmajú výzvy, ktorým obchodné spoločnosti čelia pri implementácii nových digitálnych technológií, vrátane otázok súkromia zákazníkov a etických aspektov automatizácie. Cieľom je podporiť odbornú diskusiu o budúcom vývoji digitálnych inovácií v sektore maloobchodu a služieb a identifikovať kľúčové oblasti, kde môžu tieto technológie priniesť najväčšiu pridanú hodnotu. | ||
| 610 | 2 | 0 | |a technológie nové |
| 610 | 2 | 0 | |a digitalizácia |
| 610 | 2 | 0 | |a inteligencia umelá |
| 610 | 2 | 0 | |a zákazníci |
| 100 | 1 | |a Weiss, Erik, 1979- | |
| 700 | 1 | |a Janošková, Mária, 1965- | |
| 700 | 1 | |a Weiss, Roland, 1984- | |